000 00569cam a2200241ua 4500
001 7548
005 20260515114228.0
008 141212n ii |||gr||||Z||||||eng
020 _a9789327244816
040 _cMAIN
041 _aeng
082 _a346.07
100 _aGarg, K. C.,
_eAuthor.
245 _aBusiness law
_cBy K.C. Garg
250 _a7th rev.
260 _aNew Delhi:
_bKalyani,
_c2014.
300 _a202p.
653 _aPrivate law
653 _aBusiness law
700 _aSareen, V. K.,
_eAuthor.
700 _aSharma, M.,
_eAuthor.
942 _cBK
999 _c6666
_d6666